000
00299nam a22001217a 4500
008
180220b xxu||||| |||| 00| 0 eng d
041
_a
eng
080
_a
591
100
_a
7
101
_a
ZOO
245
_a
Fundamentals of Comparative Embryology of the Vertebrates
_c
Huettner, A.F
942
_2
udc
_c
BK
999
_c
42863
_d
42863